[Event "Berlin Lichtenberger op 10th"]
[Site "Berlin"]
[Date "2011.08.14"]
[Round "3"]
[White "Stucki, Ramon"]
[Black "Schueler, Wolfgang"]
[Result "1-0"]
[WhiteElo "1964"]
[BlackElo "1939"]
[PlyCount "69"]
[EventDate "2011.08.13"]
[EventType "swiss"]
[EventRounds "9"]
[EventCountry "GER"]
[SourceTitle "CBM 143 Extra"]
[Source "ChessBase"]
[SourceDate "2011.08.29"]
[SourceVersion "1"]
[SourceVersionDate "2011.08.29"]
[SourceQuality "1"]

1. e4 e5 2. Nf3 Nc6 3. Bb5 a6 4. Ba4 Nf6 5. 0-0 Be7 6. Re1 b5 7. Bb3 0-0 8. h3 d6 9. c3 Na5 10. Bc2 c5 11. d4 Qc7 12. Nbd2 cxd4 13. cxd4 Re8 14. Nf1 exd4 15. Nxd4 Nc4 16. b3 Ne5 17. Bb2 Bd7 18. Rc1 Qb7 19. Ng3 g6 20. f4 Nc6 21. e5 dxe5 22. fxe5 Nd5 23. e6 fxe6 24. Nxc6 Bxc6 25. Be4 Rad8 26. Qg4 Bf6 27. Bxd5 Bxb2 28. Bxc6 Qb6+ 29. Kh2 Bxc1 30. Bxe8 Be3 31. Bxg6 hxg6 32. Qxg6+ Kh8 33. Nh5 Qc7+ 34. Kh1 Bb6 35. Nf6 1-0

[Event "Zuerich op-B 34th"]
[Site "Zuerich"]
[Date "2010.12.29"]
[Round "6"]
[White "Stucki, Ramon"]
[Black "Pogan, Sebastian"]
[Result "1-0"]
[WhiteElo "1965"]
[BlackElo "1947"]
[PlyCount "73"]
[EventDate "2010.12.26"]
[EventType "swiss"]
[EventRounds "7"]
[EventCountry "SUI"]
[SourceTitle "CBM 140 Extra"]
[Source "ChessBase"]
[SourceDate "2011.03.01"]
[SourceVersion "1"]
[SourceVersionDate "2011.03.01"]
[SourceQuality "1"]

1. e4 c5 2. Nf3 d6 3. d4 cxd4 4. Nxd4 Nf6 5. Nc3 g6 6. Be3 Bg7 7. f3 0-0 8. Bc4 Nc6 9. Qd2 Bd7 10. 0-0-0 Rc8 11. Bb3 Ne5 12. g4 b5 13. a3 a5 14. h4 b4 15. axb4 axb4 16. Nb1 Qa5 17. h5 Ba4 18. Bxa4 Qxa4 19. hxg6 Nxf3 20. gxh7+ Kh8 21. Nxf3 Nxe4 22. Qd3 Rxc2+ 23. Qxc2 b3 24. Rd4 Bxd4 25. Bxd4+ Qxd4 26. Nxd4 bxc2 27. Kxc2 Ng5 28. Nf5 e6 29. Nxd6 Rd8 30. Rh5 Rxd6 31. Rxg5 Kxh7 32. Nc3 f6 33. Rc5 Kg6 34. b4 Rd4 35. b5 Rxg4 36. b6 Rh4 37. b7 1-0

[Event "Zuerich op-B 33rd"]
[Site "Zuerich"]
[Date "2009.12.30"]
[Round "7"]
[White "Stucki, Ramon"]
[Black "Muelli, Thomas"]
[Result "0-1"]
[WhiteElo "1990"]
[BlackElo "2044"]
[PlyCount "98"]
[EventDate "2009.12.26"]
[EventType "swiss"]
[EventRounds "7"]
[EventCountry "SUI"]
[SourceTitle "EXT 2019"]
[Source "ChessBase"]
[SourceDate "2018.10.10"]
[SourceVersion "1"]
[SourceVersionDate "2018.10.10"]
[SourceQuality "1"]

1. e4 c6 2. d4 d5 3. e5 c5 4. c3 Nc6 5. h3 cxd4 6. cxd4 Qb6 7. Nf3 Bf5 8. Bd3 Be4 9. Nc3 Bxf3 10. Qxf3 e6 11. 0-0 Nxd4 12. Qf4 Nc6 13. Nb5 Nb4 14. Be2 a6 15. Be3 Qd8 16. Rac1 Nc6 17. Nd4 Nge7 18. Rc3 Ng6 19. Qg3 Ncxe5 20. f4 Nc6 21. Nxc6 bxc6 22. Rxc6 Bd6 23. Qf2 Ne7 24. Rxa6 Rxa6 25. Bxa6 0-0 26. Bd3 Qa5 27. b3 Rc8 28. Bd4 Qb4 29. Qb2 f6 30. Rf3 Qe1+ 31. Kh2 Rc1 32. Rf1 Bxf4+ 33. Rxf4 Qh1+ 34. Kg3 e5 35. Rf2 exd4 36. Qe2 Re1 37. Qc2 Re3+ 38. Kg4 Qe1 39. Bxh7+ Kh8 40. Bd3 Rxd3 41. Qxd3 Qxf2 42. g3 Qf5+ 43. Qxf5 Nxf5 44. a4 d3 45. Kf3 Nd4+ 46. Ke3 Nxb3 47. Kxd3 Nc5+ 48. Kd4 Nxa4 49. Kxd5 Kh7 0-1

[Event "Zuerich op-B 32nd"]
[Site "Zuerich"]
[Date "2008.12.27"]
[Round "3"]
[White "Rudolf, Fabian"]
[Black "Stucki, Ramon"]
[Result "1-0"]
[WhiteElo "1885"]
[BlackElo "1975"]
[PlyCount "103"]
[EventDate "2008.12.26"]
[EventType "swiss"]
[EventRounds "7"]
[EventCountry "SUI"]
[SourceTitle "CBM 127 Extra"]
[Source "ChessBase"]
[SourceDate "2009.01.08"]
[SourceVersion "2"]
[SourceVersionDate "2009.01.28"]
[SourceQuality "1"]

1. e4 e5 2. Nf3 Nc6 3. Bb5 a6 4. Ba4 Nf6 5. 0-0 Be7 6. Re1 b5 7. Bb3 0-0 8. h3 d6 9. c3 Na5 10. Bc2 c5 11. d4 Qc7 12. Nbd2 Nc6 13. d5 Nd8 14. Nf1 Ne8 15. Ng3 g6 16. a4 Rb8 17. axb5 axb5 18. Ng5 f6 19. Nf3 Nf7 20. Nh2 Ng7 21. Ng4 Bd7 22. Qf3 Ra8 23. Rxa8 Rxa8 24. Nxf6+ Bxf6 25. Qxf6 Ra1 26. Rf1 c4 27. f4 Qc5+ 28. Kh2 Be8 29. fxe5 dxe5 30. Bh6 Nxh6 31. Rxa1 Qe3 32. Rf1 Nf7 33. h4 Qc5 34. Bd1 Qd6 35. Qxd6 Nxd6 36. Rf6 Nb7 37. Bg4 Nc5 38. Rf2 Nd3 39. Rd2 Kf8 40. Nf1 Ke7 41. Ne3 Kd6 42. Bf3 Bd7 43. b3 Kc5 44. bxc4 bxc4 45. Ra2 Ne8 46. Ra7 Nf6 47. Ra5+ Bb5 48. Ra8 Nf2 49. Rc8+ Kd6 50. Nxc4+ Kd7 51. Nb6+ Kd6 52. c4 1-0